000 00863nam a2200277Ia 4500
003 OSt
005 20221006153400.0
006 a|||||r|||| 00| 0
007 ta
008 221006b |||||||| |||| 00| 0 eng d
020 _a9780333945667
_c¥16,300
024 _a32,178
037 _bGift, Japan Foundation
_cTextual
040 _aEASL
_cEASL
_beng
041 _2eng
_aeng
082 _aX5.42.P00, P1
100 _aNAKAMURA Masao Ed.
_9476659
245 0 _aJapanese business and economic system
_b History and prospects for the 21st century
260 _aNew York
_bPalgrave
_c2001
300 _a402p.
_ccm.
490 _v JEL
650 _a Economic forecasting-Japan
_9663653
650 _aJapan-Economic conditions
942 _hX5.42.P00, P1
_cTEXL
_2CC
999 _c1100264
_d1100264